Iraqi football players by picture - Statistics

General Stats
  • This quiz has been taken 6 times
  • The average score is 8 of 14
Answer Stats
Picture Answer % Correct
Ahmed Radhi
100%
Ali Al Hamadi
100%
Younis Mahmoud
100%
Zidane Iqbal
100%
Ali Adnan
50%
Ammo Baba
50%
Aso Rostam
50%
Hussein Saeed
50%
Ibrahim Bayesh
50%
Marko Farji
50%
Mohanad Ali
50%
Hawar Mulla Mohammed
0%
Montader Madjed
0%
Nashat Akram
0%
No matching quizzes found
Score Distribution
Percent of People with Each Score
Percentile by Number Answered
Your Score History
You have not taken this quiz